<?xml version="1.0" encoding="UTF-8"?>
<collection xmlns="http://www.loc.gov/MARC21/slim">
  <record>
    <leader>00000nam  2200000   4500</leader>
    <controlfield tag="001">INLIS000000000000470</controlfield>
    <controlfield tag="005">20190506115348</controlfield>
    <datafield tag="035" ind1="#" ind2="#">
      <subfield code="a">0010-0718000470</subfield>
    </datafield>
    <controlfield tag="008">190506################g##########0######</controlfield>
    <datafield tag="020" ind1="#" ind2="#">
      <subfield code="a">9789797696177</subfield>
    </datafield>
    <datafield tag="041" ind1=" " ind2=" ">
      <subfield code="a">id</subfield>
    </datafield>
    <datafield tag="082" ind1="#" ind2="#">
      <subfield code="a">001.422</subfield>
    </datafield>
    <datafield tag="090" ind1=" " ind2=" ">
      <subfield code="a">001.422 Agu m</subfield>
    </datafield>
    <datafield tag="100" ind1=" " ind2="#">
      <subfield code="a">Agung, I Gusti Ngurah</subfield>
    </datafield>
    <datafield tag="245" ind1="1" ind2="#">
      <subfield code="a">Manajemen Penyajian Analisis Data Sederhana: Untuk Skripsi, Tesis, Dan Disertasi Yang Bermutu /</subfield>
      <subfield code="c">I Gusti Ngurah Agung</subfield>
    </datafield>
    <datafield tag="250" ind1="#" ind2="#">
      <subfield code="a">ed.1</subfield>
    </datafield>
    <datafield tag="260" ind1="#" ind2="#">
      <subfield code="a">Jakarta :</subfield>
      <subfield code="b">PT.Raja Grafindo Persada,</subfield>
      <subfield code="c">2014</subfield>
    </datafield>
    <datafield tag="300" ind1="#" ind2="#">
      <subfield code="a">xviii, 294 hlm. :</subfield>
      <subfield code="b">ilus ;</subfield>
      <subfield code="c">23 cm</subfield>
    </datafield>
    <datafield tag="650" ind1=" " ind2="#">
      <subfield code="a">manajemen penyajian analisis</subfield>
    </datafield>
    <datafield tag="084" ind1="#" ind2="#">
      <subfield code="a">001.422 Agu m</subfield>
    </datafield>
    <datafield tag="520" ind1="#" ind2="#">
      <subfield code="a">Buku ini menyajikan penerapan tiga peoses SPSS terpilih yang dapat dipakai untuk menyajikan analisis data dalam skripsi, tesis dan disertasi, seperti dibawah ini.1. Program Analyze/compare Means..., yang merupakan program yang paling sederhana, akan tetapi dapat diterapkan untuk menyelesaikan disertasi, terutama opsi One-Way ANOVA-nya. 2. Program Analize/General Linear Model/ Univariate..., Diterapkan untuk melakukan analisa berdasarkan berbagai model rerata-sel multifaktor, model regresi heterogen, dan model ANCOVA, dimulai dengan model yang paling sederhana dalam setiap kelompok model. Selanjutnya disajikan bagaimana melakukan analisis dengan menerapkan metode pemilihan bertahap secara manual atau "manual stepwise selection methode" (Agung, 2011&amp;2012); untuk membentuk sebuah model interaksi sederhana yang apat diterima, baik secara teoritis maupun secara statistik, berdasarkan model yang memuat cukup banyak variabel bebas. Disamping itu juga disajikan bagaimana caranya menerapkan Stepwisw LS Regression.3.Program Analize/Regression/Multiple Logistic..., dianjurkan sebagai pengganti penerapan program Regression/Binary Logistic..., yang pada umumnya telah ditetapkan, karena mempunyai beberapa keuntungan. Model Logistik Biner yang penting diketahui oleh para pembaca adalah berbagai model dengan sebuah variabel bebas numerik beserta pengertian predicted probabilities yang kerap kali ditafsirkan salah. Disamping penerapan ketiga macam program diatas, beberapa metode analisis sederhana juga disajikan, disertai dengan catatan khusus tentang keterbatasan model, dengan tujuan agar para mahasiswa dan pemakai buku ini lebih paham tentang keterbatasan setiap model yang akan diterapkan. Penulis yakin bahwa materi dalam buku ini akan dapat meringankan beban pikiran para mahasiswa dalam melakukan analisis data untuk skripsi, tesis, dan disertasi. Dipihak lain, para mahasiswa dari semua Perguruan Tinggi dan Fakultas dapat berkonsultasi analisis data kuantiitatif secara gratis pada The Ary Suta Center, Jl. Prapanca III, No. 11, Jakarta.</subfield>
    </datafield>
    <datafield tag="856" ind1="#" ind2="#">
      <subfield code="a">Perpustakaan Lembaga Administrasi Negara diatas</subfield>
    </datafield>
    <datafield tag="990" ind1="#" ind2="#">
      <subfield code="a">141217081</subfield>
    </datafield>
    <datafield tag="990" ind1="#" ind2="#">
      <subfield code="a">141217082</subfield>
    </datafield>
    <datafield tag="990" ind1="#" ind2="#">
      <subfield code="a">141217081</subfield>
    </datafield>
    <datafield tag="990" ind1="#" ind2="#">
      <subfield code="a">141217082</subfield>
    </datafield>
    <datafield tag="990" ind1="#" ind2="#">
      <subfield code="a">141217082</subfield>
    </datafield>
    <datafield tag="990" ind1="#" ind2="#">
      <subfield code="a">141217081</subfield>
    </datafield>
  </record>
</collection>
